LEADER 01596nam a2200325 i 4500 001 000000244107 003 CaOOAMICUS 005 20150729000000.0 008 150729s2015 it u000 u ita u 013 $a223012 020 $a978-88-209-9510-2 040 $aSeMil$bita 100 0 $aFranciscus I,$c.$0(OLS)http://semarc/name/2737 245 10$aAperti alla sorpresa di Dio :$bviaggio apostolico in Sri Lanka e Filippine : 12-19 gennaio 2015 /$c[Papa Francesco]. 260 $aCittą del Vaticano :$bLibreria Editrice Vaticana,$c2015. 300 $a115 p. ;$c21 cm. 490 0 $aLe parole di Papa Francesco 650 4$aFrancesco I - Viaggi apostolici - Sri Lanka [e] Filippine.$0(OLS)http://semarc/subject/42534 650 4$aFrancesco I - Scritti, discorsi, omelie, lettere pastorali, etc.$0(OLS)http://semarc/subject/44574 830 3$aLe parole di Papa Francesco.$0(OLS)http://semarc/title/40011 850 $aSeMil 852 $aSeMil$W1$xVenegono$y1$m2A II 542$j194453$B194453$CSeMilBibl$Z2$F205060 $81 900 1 $aBergoglio, Jorge Mario,$d<1936-2025>. 900 0 $aFrancesco I$c. 961 $aOmaggio: Ferraris, Alberto 996 $6020$a978-88-209-9510-2$9(OLS)http://semarc/number/252173 996 $6245$aAperti alla sorpresa di Dio :$bviaggio apostolico in Sri Lanka e Filippine : 12-19 gennaio 2015$9(OLS)http://semarc/title/346071 996 $6260$aCittą del Vaticano :$bLibreria Editrice Vaticana$9(OLS)http://semarc/publisher/29734 LEADER 01024nam a2200241 i 4500 001 000000178800 003 CaOOAMICUS 005 20251009163422.0 008 090611s1966 it u000 u ita u 040 $aSeMil$bita 100 1 $aNaipaul, Vidiadhar Surajprasad,$d<1932-2018>.$0(OLS)http://semarc/name/91687 245 13$aIl massaggio mistico :$bromanzo /$cV. S. Naipaul ; traduzione di Giorgio Monicelli. 260 $a[Milano] :$bArnoldo Mondadori Editore,$ccopyr. 1966. 300 $a264 p. ;$c20 cm. 490 0 $aMedusa ;$v508 700 1 $aMonicelli, Giorgio,$d<1910-1968>.$0(OLS)http://semarc/name/15498 830 0$aMedusa ;$v508.$0(OLS)http://semarc/title/6850 850 $aSeMil 852 $aSeMil$W1$xVenegono$y1$m1T I 57$j235865$B129570$CSeMilBibl$Z2$F142463 $81 961 $aOmaggio: Giuliani don Angelo 996 $6245$aIl massaggio mistico :$bromanzo$9(OLS)http://semarc/title/256804 996 $6260$a[Milano] :$bArnoldo Mondadori Editore$9(OLS)http://semarc/publisher/29634